000 00445nam a2200157Ia 4500
008 230711s9999||||xx |||||||||||||| ||und||
041 _aENG
082 _a621.3
_bHU-E
100 _aCharles I Hubert
245 0 _aElectric machines : theory, operation, applications, adjustment and control
250 _a1st Ed.
260 _c1991
_aNew Delhi
_bMacMillan Publications Pvt.Ltd
300 _a556
650 _aElectrical Engineering
942 _cBK
999 _c1878
_d1878